000 00803nam a2200265Ia 4500
003 OSt
005 20220930074603.0
006 a|||||r|||| 00| 0
007 ta
008 220926b |||||||| |||| 00| 0 hin d
024 _a75109
037 _cTheses
040 _aCRL
_cCRL
_bhin
041 _2hin
_ahin
100 _aKanwaljeet Kaur
_9534234
110 _aUniversity of Delhi. Faculty of Arts. Department of Hindi
245 0 _aHindi kahani sahitya par kavita ka prabhaav 1940-1970
260 _c1984
300 _a594p.
_ap.
_ccm.
650 _aHINDI LITERATURE
_923866
700 _a Prof. Ramdarash Mishr Gu.
_9534235
700 _aUniversity of Delhi. Faculty of Arts. Department of Hindi
942 _cDIS
_2CC
999 _c866735
_d866735